[Event "COL-ch sf"]
[Site "Pereira"]
[Date "2024.03.29"]
[Round "7"]
[White "Tascon Castro, Diego Alejandro"]
[Black "Bermudez Rojas, Alejandro"]
[Result "1-0"]
[WhiteElo "1831"]
[BlackElo "1551"]
[PlyCount "63"]
[EventDate "2024.03.26"]
[EventType "swiss"]
[EventRounds "11"]
[EventCountry "COL"]
[SourceTitle "CB14_2024"]
[SourceDate "2024.04.01"]
[SourceVersion "1"]
[SourceVersionDate "2024.04.01"]
[SourceQuality "1"]

1. d4 Nf6 2. Nf3 g6 3. e3 Bg7 4. Nbd2 d6 5. b3 Nc6 6. Bb2 e5 7. dxe5 Ng4 8. Nc4 Ngxe5 9. Ncxe5 Nxe5 10. Nxe5 Bxe5 11. Bxe5 dxe5 12. Qxd8+ Kxd8 13. 0-0-0+ Ke7 14. Bc4 Bf5 15. f3 Rad8 16. e4 Be6 17. Bxe6 Kxe6 18. c4 c6 19. Kc2 b6 20. Kc3 a5 21. a4 Rhe8 22. b4 f6 23. h4 axb4+ 24. Kxb4 h5 25. c5 b5 26. axb5 Rb8 27. Rd6+ Ke7 28. Rxc6 Red8 29. Rc7+ Ke6 30. Ra1 Ra8 31. Ra6+ Rxa6 32. bxa6 1-0

[Event "COL-ch 20"]
[Site "Cali"]
[Date "2023.06.25"]
[Round "6"]
[White "Londono Lopez, Donaldo Eliuver"]
[Black "Tascon Castro, Diego Alejandro"]
[Result "1-0"]
[WhiteElo "2071"]
[BlackElo "1242"]
[PlyCount "85"]
[EventDate "2023.06.22"]
[EventType "swiss"]
[EventRounds "7"]
[EventCountry "COL"]
[SourceTitle "CBM 214 Extra"]
[Source "ChessBase"]
[SourceDate "2023.07.31"]
[SourceVersion "1"]
[SourceVersionDate "2023.07.31"]
[SourceQuality "1"]

1. e4 e5 2. Nf3 Nc6 3. Bb5 f5 4. Nc3 fxe4 5. Nxe4 Nf6 6. Qe2 d5 7. Nxf6+ gxf6 8. d4 e4 9. Nh4 Qe7 10. Bf4 Bd7 11. Bxc7 Qf7 12. Bf4 a6 13. Bxc6 Bxc6 14. c3 Bb5 15. Qd1 Be7 16. Nf5 Qg6 17. Ne3 Qf7 18. Qb3 Rd8 19. 0-0-0 Bd6 20. Bxd6 Rxd6 21. h4 Qd7 22. Rde1 f5 23. Qd1 Rf8 24. g3 Kd8 25. Ng2 Bc4 26. b3 Bd3 27. Nf4 Qc7 28. Kb2 Bb5 29. Qd2 Qf7 30. Rc1 Ke7 31. Rc2 Rc8 32. Qe3 Kd8 33. Rg1 h5 34. Rgc1 a5 35. f3 a4 36. fxe4 fxe4 37. c4 dxc4 38. Qxe4 a3+ 39. Ka1 Rdc6 40. b4 Rd6 41. Qe5 Qd7 42. Rc3 Rxd4 43. Qxd4 1-0

[Event "COL-ch"]
[Site "Cartagena"]
[Date "2023.06.12"]
[Round "9"]
[White "Caballero Marrugo, Maria Jose"]
[Black "Tascon Castro, Diego Alejandro"]
[Result "1/2-1/2"]
[WhiteElo "1542"]
[BlackElo "1242"]
[PlyCount "62"]
[EventDate "2023.06.08"]
[EventType "swiss"]
[EventRounds "9"]
[EventCountry "COL"]
[SourceTitle "CBM 215 Extra"]
[Source "ChessBase"]
[SourceDate "2023.09.30"]
[SourceVersion "1"]
[SourceVersionDate "2023.09.30"]
[SourceQuality "1"]

1. e4 c5 2. Nf3 d6 3. d4 cxd4 4. Nxd4 Nf6 5. Nc3 a6 6. Bc4 e6 7. 0-0 Be7 8. Re1 0-0 9. a4 Qc7 10. Bb3 Nbd7 11. Bg5 Nc5 12. Ba2 Bd7 13. a5 Bc6 14. b4 Ncd7 15. Bd2 Rfe8 16. f4 d5 17. e5 Ne4 18. Nxe4 dxe4 19. c4 b6 20. Nxc6 Qxc6 21. axb6 Nxb6 22. c5 Nd5 23. Bxd5 exd5 24. Qa4 Qxa4 25. Rxa4 Red8 26. Rea1 d4 27. Rxa6 Rab8 28. Ra7 e3 29. Rxe7 exd2 30. Rd1 Rxb4 31. Rxd2 g5 1/2-1/2

[Event "COL-ch"]
[Site "Cartagena"]
[Date "2023.06.10"]
[Round "6"]
[White "Tascon Castro, Diego Alejandro"]
[Black "Viloria, Daniel"]
[Result "0-1"]
[WhiteElo "1242"]
[BlackElo "1894"]
[PlyCount "75"]
[EventDate "2023.06.08"]
[EventType "swiss"]
[EventRounds "9"]
[EventCountry "COL"]
[SourceTitle "CBM 215 Extra"]
[Source "ChessBase"]
[SourceDate "2023.09.30"]
[SourceVersion "1"]
[SourceVersionDate "2023.09.30"]
[SourceQuality "1"]

1. e4 e5 2. Nf3 Nc6 3. Bb5 a6 4. Ba4 Nf6 5. d4 exd4 6. 0-0 Nxe4 7. Re1 d5 8. Nxd4 Bc5 9. Bxc6+ bxc6 10. f3 0-0 11. fxe4 dxe4 12. Be3 Rb8 13. Nc3 f5 14. Nxc6 Bxe3+ 15. Rxe3 Qxd1+ 16. Rxd1 Rxb2 17. Ne7+ Kf7 18. Nxc8 Rxc8 19. Rd2 Ke6 20. Rg3 g6 21. Rh3 h5 22. a3 c6 23. Na4 Rb5 24. c4 Rb1+ 25. Kf2 f4 26. Rc2 Rd8 27. Nc3 e3+ 28. Kf3 Rf1+ 29. Ke4 g5 30. Rxh5 Rf2 31. Re2 c5 32. Rh6+ Kf7 33. Re1 Rxg2 34. Kf5 Kg7 35. Rg6+ Kh7 36. Rxg5 Rf8+ 37. Ke4 Rg3 38. Rxg3 0-1

[Event "COL-ch U12"]
[Site "Choconta"]
[Date "2023.03.20"]
[Round "6"]
[White "Rueda Ahumada, Gabriel Omar"]
[Black "Tascon Castro, Diego Alejandro"]
[Result "0-1"]
[WhiteElo "1310"]
[BlackElo "1099"]
[PlyCount "64"]
[EventDate "2023.03.17"]
[EventType "swiss"]
[EventRounds "7"]
[EventCountry "COL"]
[SourceTitle "CBM 213 Extra"]
[Source "ChessBase"]
[SourceDate "2023.05.31"]
[SourceVersion "1"]
[SourceVersionDate "2023.05.31"]
[SourceQuality "1"]

1. e4 c5 2. Nf3 d6 3. d4 cxd4 4. Nxd4 Nf6 5. Nc3 a6 6. Be3 e5 7. Nb3 Be6 8. f3 h5 9. Qd2 Nbd7 10. 0-0-0 Rc8 11. Kb1 b5 12. Ne2 Nb6 13. Bxb6 Qxb6 14. Nc3 Be7 15. Bd3 0-0 16. h3 b4 17. Ne2 a5 18. Nbc1 d5 19. Ng3 h4 20. Nge2 dxe4 21. fxe4 Rfd8 22. Qe1 a4 23. Rf1 b3 24. cxb3 axb3 25. a3 Bxa3 26. bxa3 b2 27. Na2 Qb3 28. Nec3 Qxa3 29. Bb5 Rxd1+ 30. Qxd1 Nxe4 31. Nd5 Rc1+ 32. Nxc1 Qa1+ 0-1